000 00711nam a2200277Ia 4500
005 20260324112401.0
008 008 260324s9999 xx 000 0 eng d
020 _a9781003428183
037 _aEBOOK
040 _aCRL
040 _beng
040 _cCRL
041 _2eng
041 _aeng
084 _qCRL
100 _aMichael E. Miller; Christina F. Rusnock
_91142466
245 0 _aIntegrating Artificial and Human Intelligence through Agent Oriented Systems Design
260 _bTaylor and Francis
260 _c2024
365 _a
365 _b240
856 _uhttp://www.taylorfrancis.com/books/9781003428183
942 _cEBOOK
999 _c1731654
_d1731654